000 00516nam a2200217Ia 4500
005 20221020122959.0
008 131103s9999 xx 000 0 und d
020 _a258969105
040 _aLoreto College
041 _aEnglish
082 _a155.2
_bEYS
100 _aEysenck, H. J.
245 _aEysenck on extraversion
_cH. J. Eysenck
260 _aLondon
_bCrosby
_c1973
300 _a174p
630 _aPsychology
650 _aPersonality
651 _aIndividuality
850 _aLCLIB
942 _cBK
999 _c18708
_d69187